Television Quiz / Mythical TV Musicians II

Random Television or Show Quiz

Results

Quiz Updated Apr 20, 2012

Challenge
Share
Tweet
Embed
Score 0/29 Timer 07:00
1 Play Today
Musicians TV Show % Correct
Phoebe Buffay-HanniganFriends
67.8%
The Bikini Bottom Super BandSpongebob Squarepants
58.9%
Jenna Maroney30 Rock
37.1%
Electric Dream MachineIt’s Always Sunny in Philadelphia
29.9%
The ForeskinsHow I Met Your Mother
29.3%
The Worthless Peons (a.k.a. Ted's Band)Scrubs
22.7%
DethklokMetalocalypse
20.7%
Nick the Lounge SingerSaturday Night Live
17.7%
Mouse Rat (a.k.a. Teddy Bear Suicide / Scarecrow Boat / etc.)Parks and Recreation
16.9%
MC Pee Pants
(a.k.a. Sir Loin / Little Brittle & the C-Bag)
Aqua Teen Hunger Force
15.5%
The Boys from K&B ConstructionHome Improvement
15.2%
The Llama Lords of ScienceThe Adventures of Jimmy Neutron: Boy Genius
13.7%
Beaver FeverAngry Beavers
13.5%
Jeffster!Chuck
10.7%
GangstaliciousThe Boondocks
9.2%
Musicians TV Show % Correct
CreationFreaks and Geeks
6.5%
Love HandelPhineas and Ferb
6.2%
Big Mountain Fudge CakeKing of the Hill
5.7%
Zit RemedyDegrassi Junior High
5.4%
The Band
(a.k.a. 'You guys really need to get a name.')
Happy Days
5.1%
The Darlings
(a.k.a. The Darling Boys)
The Andy Griffith Show
4.9%
The Way-OutsThe Flintstones
4.7%
The HoneybeesGilligan's Island
3.7%
Phish TahkoMy Name Is Earl
2.5%
The Puppetland BandPee-wee's Playhouse
2.3%
Scum of the EarthWKRP in Cincinnati
2.1%
Cold SlitherG.I. Joe
1.3%
Oh BoyzKim Possible
1.3%
The Sacred CowsGet Smart
1.2%
 
Number % Answered
29 (all)
0.1%
25-28
0.1%
21-24
0.1%
17-20
0.3%
13-16
0.8%
9-12
6.1%
5-8
31.6%
1-4
60.9%

You're not logged in!

Compare scores with friends on all Sporcle quizzes.
Sign Up with Email
OR
Log In

You Might Also Like...

Show Comments

Extras


Your Account Isn't Verified!

In order to create a playlist on Sporcle, you need to verify the email address you used during registration. Go to your Sporcle Settings to finish the process.